|
|
|
|
| LEADER |
02093nam a2200445 a 4500 |
| 001 |
EBC1039245 |
| 003 |
MiAaPQ |
| 005 |
20200520144314.0 |
| 006 |
m o d | |
| 007 |
cr cn||||||||| |
| 008 |
111201s2012 nyua sb 001 0 eng d |
| 010 |
|
|
|z 2011047697
|
| 020 |
|
|
|z 9780415591430 (hb : alk. paper)
|
| 020 |
|
|
|z 9780415591447 (pb : alk. paper)
|
| 020 |
|
|
|a 9780203117941 (electronic bk.)
|
| 035 |
|
|
|a (MiAaPQ)EBC1039245
|
| 035 |
|
|
|a (Au-PeEL)EBL1039245
|
| 035 |
|
|
|a (CaPaEBR)ebr10611677
|
| 035 |
|
|
|a (CaONFJC)MIL395498
|
| 035 |
|
|
|a (OCoLC)813846104
|
| 040 |
|
|
|a MiAaPQ
|c MiAaPQ
|d MiAaPQ
|
| 050 |
|
4 |
|a HD1361
|b .D46 2012
|
| 082 |
0 |
4 |
|a 333.33
|2 23
|
| 100 |
1 |
|
|a Dent, Peter.
|
| 245 |
1 |
0 |
|a Real estate
|h [electronic resource] :
|b property markets and sustainable behaviour /
|c Peter Dent, Michael Patrick and Ye Xu.
|
| 260 |
|
|
|a New York :
|b Routledge,
|c 2012.
|
| 300 |
|
|
|a xi, 237 p. :
|b ill.
|
| 490 |
1 |
|
|a The natural and built environment series
|
| 504 |
|
|
|a Includes bibliographical references and index.
|
| 505 |
0 |
|
|a Introduction -- Background and orientation -- Culture, markets and institutions -- Real estate market mechanisms -- Methods of ownership in the property market -- Sustainability -- Property investment decisions -- Decision making and sustainability -- Responsible property investment -- Real estate and shear zones -- Portrait of place -- Sustainability balanced scorecard which aligns real estate with business -- Introduction to the big conversation -- Sustainable leadership -- Sustainability skills.
|
| 533 |
|
|
|a Electronic reproduction. Ann Arbor, MI : ProQuest, 2015. Available via World Wide Web. Access may be limited to ProQuest affiliated libraries.
|
| 650 |
|
0 |
|a Real estate business.
|
| 650 |
|
0 |
|a Real property.
|
| 650 |
|
0 |
|a Right of property.
|
| 655 |
|
4 |
|a Electronic books.
|
| 700 |
1 |
|
|a Patrick, Michael.
|
| 700 |
1 |
|
|a Ye, Xu.
|
| 710 |
2 |
|
|a ProQuest (Firm)
|
| 830 |
|
0 |
|a Natural and built environment series.
|
| 856 |
4 |
0 |
|u https://ebookcentral.proquest.com/lib/matrademy/detail.action?docID=1039245
|z Click to View
|